Technical communication principles and practice (Record no. 7845)
[ view plain ]
| 000 -LEADER | |
|---|---|
| fixed length control field | 00311nam a2200121Ia 4500 |
| 008 - FIXED-LENGTH DATA ELEMENTS--GENERAL INFORMATION | |
| fixed length control field | 191201s2012 xx 000 0 und d |
| 100 ## - MAIN ENTRY--PERSONAL NAME | |
| Personal name | RAMANA, Meenakshi |
| 245 #0 - TITLE STATEMENT | |
| Title | Technical communication principles and practice |
| 250 ## - EDITION STATEMENT | |
| Edition statement | 2nd |
| 260 ## - PUBLICATION, DISTRIBUTION, ETC. (IMPRINT) | |
| Date of publication, distribution, etc | 2012 |
| Name of publisher, distributor, etc | Oxford |
| Place of publication, distribution, etc | NEW DELHI |
| 300 ## - PHYSICAL DESCRIPTION | |
| Extent | 666 |
| 942 ## - ADDED ENTRY ELEMENTS (KOHA) | |
| Source of classification or shelving scheme | Dewey Decimal Classification |
| Koha item type | Text Books |
| 942 ## - ADDED ENTRY ELEMENTS (KOHA) | |
| -- | 9 |
| Withdrawn status | Lost status | Source of classification or shelving scheme | Damaged status | Not for loan | Collection code | Home library | Current library | Date acquired | Source of acquisition | Cost, normal purchase price | Bill Number | Total Checkouts | Acc. no. / Barcode | Checked out | Date last seen | Date last borrowed | Actual Cost, discounted price | Bill Date | Koha item type | Full call number |
|---|---|---|---|---|---|---|---|---|---|---|---|---|---|---|---|---|---|---|---|---|
| Dewey Decimal Classification | BCA | PIET C-LIBRARY | PIET C-LIBRARY | 31/08/2013 | IBH, New Delhi | 425.00 | 9603 | 2 | BC457 | 08/03/2022 | 09/09/2021 | 09/09/2021 | 289.00 | 31/08/2013 | Text Books | |||||
| Dewey Decimal Classification | BCA | PIET C-LIBRARY | PIET C-LIBRARY | 31/08/2013 | IBH, New Delhi | 425.00 | 9603 | 2 | BC458 | 27/01/2023 | 25/01/2023 | 289.00 | 31/08/2013 | Text Books | 420.2462 RAT | |||||
| Dewey Decimal Classification | BCA | PIET C-LIBRARY | PIET C-LIBRARY | 31/08/2013 | IBH, New Delhi | 425.00 | 9603 | BC459 | 04/12/2019 | 289.00 | 31/08/2013 | Text Books | 420.2462 RAT | |||||||
| Dewey Decimal Classification | BCA | PIET C-LIBRARY | PIET C-LIBRARY | 31/08/2013 | IBH, New Delhi | 425.00 | 9603 | 3 | BC460 | 27/01/2023 | 25/01/2023 | 289.00 | 31/08/2013 | Text Books | 420.2462 RAT | |||||
| Dewey Decimal Classification | BCA | PIET C-LIBRARY | PIET C-LIBRARY | 31/08/2013 | IBH, New Delhi | 425.00 | 9603 | 2 | BC461 | 08/11/2021 | 22/10/2021 | 289.00 | 31/08/2013 | Text Books | 420.2462 RAT |